[Event "Vojvodina-chT"]
[Site "Kovacica"]
[Date "2019.11.07"]
[Round "10.6"]
[White "Simonyi, Zoltan"]
[Black "Mik, Aurel"]
[Result "1/2-1/2"]
[WhiteElo "2149"]
[BlackElo "2039"]
[PlyCount "76"]
[EventDate "2019.11.01"]
[EventType "team-tourn"]
[EventRounds "11"]
[EventCountry "SRB"]
[SourceTitle "CBM 192 Extra"]
[Source "Chessbase"]
[SourceDate "2019.11.06"]
[SourceVersion "1"]
[SourceVersionDate "2019.11.06"]
[SourceQuality "1"]
[WhiteTeam "Senta"]
[BlackTeam "Banatsko Novo Selo"]
[WhiteTeamCountry "SRB"]
[BlackTeamCountry "SRB"]

1. d4 d5 2. c4 dxc4 3. Nf3 c6 4. e3 Bf5 5. Bxc4 e6 6. Nc3 Nf6 7. 0-0 Bd6 8. Qe2 Ne4 9. Bd3 Nxc3 10. bxc3 Bxd3 11. Qxd3 0-0 12. e4 Be7 13. Bf4 Nd7 14. Rad1 Nf6 15. Rfe1 h6 16. c4 Nh7 17. Bg3 Ng5 18. Ne5 Nh7 19. Ng4 Bh4 20. d5 h5 21. Ne3 Bxg3 22. hxg3 exd5 23. cxd5 cxd5 24. exd5 Nf6 25. Rd2 Qd7 26. Qd4 Rfe8 27. Rc1 b6 28. Rc6 Ne4 29. Rdc2 Nc5 30. Qf4 Rac8 31. Rxc8 Rxc8 32. Qg5 g6 33. g4 Qd8 34. Qf4 hxg4 35. Nxg4 f5 36. Ne3 Kg7 37. g3 Qf6 38. Qc4 Rh8 1/2-1/2

[Event "Vojvodina-chT"]
[Site "Kovacica"]
[Date "2019.11.05"]
[Round "6.6"]
[White "Joksimovic, Dragoljub"]
[Black "Mik, Aurel"]
[Result "0-1"]
[WhiteElo "2138"]
[BlackElo "2039"]
[PlyCount "78"]
[EventDate "2019.11.01"]
[EventType "team-tourn"]
[EventRounds "11"]
[EventCountry "SRB"]
[SourceTitle "CBM 192 Extra"]
[Source "Chessbase"]
[SourceDate "2019.11.06"]
[SourceVersion "1"]
[SourceVersionDate "2019.11.06"]
[SourceQuality "1"]
[WhiteTeam "Cosic Opovo Bata"]
[BlackTeam "Banatsko Novo Selo"]
[WhiteTeamCountry "SRB"]
[BlackTeamCountry "SRB"]

1. c4 e5 2. Nc3 Nc6 3. g3 Nf6 4. Bg2 Bc5 5. e3 Nb4 6. d4 exd4 7. exd4 Bxd4 8. Nge2 Bb6 9. 0-0 0-0 10. a3 Na6 11. b4 c6 12. Qc2 h6 13. Bb2 d6 14. Rad1 Qe7 15. h3 Be6 16. Ne4 Nxe4 17. Qxe4 f5 18. Qd3 Qf7 19. Rc1 d5 20. Nf4 dxc4 21. Qc3 Nc7 22. Nh5 Ne8 23. Rce1 Bd5 24. Rxe8 Raxe8 25. Nxg7 Re2 26. Nxf5 Kh7 27. Bxd5 cxd5 28. g4 Rg8 29. Nd4 Re4 30. Qc2 Qg6 31. Qd1 Qf6 32. Nf3 Qxb2 33. Qxd5 Rf4 34. Nd2 Qd4 35. Qxd4 Rxd4 36. Nf3 Rf4 37. Nh4 h5 38. Kg2 hxg4 39. Kg3 Bc7 0-1

[Event "Vojvodina-chT"]
[Site "Kovacica"]
[Date "2019.11.05"]
[Round "7.6"]
[White "Mik, Aurel"]
[Black "Kecskemeti, Arpad"]
[Result "0-1"]
[WhiteElo "2039"]
[BlackElo "2240"]
[PlyCount "68"]
[EventDate "2019.11.01"]
[EventType "team-tourn"]
[EventRounds "11"]
[EventCountry "SRB"]
[SourceTitle "CBM 192 Extra"]
[Source "Chessbase"]
[SourceDate "2019.11.06"]
[SourceVersion "1"]
[SourceVersionDate "2019.11.06"]
[SourceQuality "1"]
[WhiteTeam "Banatsko Novo Selo"]
[BlackTeam "Backa Pacir"]
[WhiteTeamCountry "SRB"]
[BlackTeamCountry "SRB"]

1. e4 c5 2. Nc3 e6 3. f4 Nc6 4. Nf3 a6 5. a4 d5 6. exd5 exd5 7. d4 Nf6 8. Be3 cxd4 9. Nxd4 Bb4 10. Nxc6 bxc6 11. Be2 Qe7 12. Bd2 Bc5 13. Kf1 Rb8 14. Rb1 0-0 15. Bf3 Ne4 16. Bxe4 dxe4 17. Ne2 Bg4 18. h3 e3 19. Bc3 Qh4 20. Qe1 Bxe2+ 21. Kxe2 Qxf4 22. b3 Qe4 23. Kd1 Rfd8+ 24. Kc1 Ba3+ 25. Rb2 Qxg2 26. Rg1 Qd2+ 27. Kb1 Qxe1+ 28. Rxe1 Bxb2 29. Kxb2 Re8 30. Re2 f5 31. Bd4 f4 32. c3 Rbd8 33. Kc2 Rxd4 34. cxd4 f3 0-1

[Event "Vojvodina-chT"]
[Site "Kovacica"]
[Date "2019.11.04"]
[Round "5.6"]
[White "Mik, Aurel"]
[Black "Majstorovic, Stanko"]
[Result "0-1"]
[WhiteElo "2039"]
[BlackElo "2078"]
[PlyCount "84"]
[EventDate "2019.11.01"]
[EventType "team-tourn"]
[EventRounds "11"]
[EventCountry "SRB"]
[SourceTitle "CBM 192 Extra"]
[Source "Chessbase"]
[SourceDate "2019.11.06"]
[SourceVersion "1"]
[SourceVersionDate "2019.11.06"]
[SourceQuality "1"]
[WhiteTeam "Banatsko Novo Selo"]
[BlackTeam "Indija Sloga"]
[WhiteTeamCountry "SRB"]
[BlackTeamCountry "SRB"]

1. e4 e5 2. Nf3 Nc6 3. d4 exd4 4. Bc4 Be7 5. Nxd4 Nf6 6. Nxc6 dxc6 7. Qxd8+ Bxd8 8. 0-0 0-0 9. Nc3 b5 10. Bd3 Re8 11. f3 Be6 12. Be3 a5 13. a3 Nd7 14. f4 f6 15. Rad1 Nb6 16. Ne2 Nc4 17. Bc1 Be7 18. Rf3 Bc5+ 19. Kf1 Bg4 20. Rg3 Bxe2+ 21. Kxe2 Nd6 22. Kf3 Re7 23. Bd2 b4 24. axb4 axb4 25. Re1 Rae8 26. Re2 g6 27. c3 b3 28. h4 Rf8 29. Be3 Bxe3 30. Rxe3 c5 31. c4 Rfe8 32. e5 fxe5 33. Rxe5 Rxe5 34. fxe5 Rxe5 35. Kf4 Rh5 36. Rh3 Nf7 37. g4 Re5 38. Be4 g5+ 39. Kf3 gxh4 40. Bd5 Rxd5 41. cxd5 Ng5+ 42. Kg2 Nxh3 0-1

[Event "Vojvodina-chT"]
[Site "Kovacica"]
[Date "2019.11.01"]
[Round "1.6"]
[White "Mik, Aurel"]
[Black "Gavric, Zivojin"]
[Result "1/2-1/2"]
[WhiteElo "2039"]
[BlackElo "2108"]
[PlyCount "62"]
[EventDate "2019.11.01"]
[EventType "team-tourn"]
[EventRounds "11"]
[EventCountry "SRB"]
[SourceTitle "CBM 192 Extra"]
[Source "Chessbase"]
[SourceDate "2019.11.06"]
[SourceVersion "1"]
[SourceVersionDate "2019.11.06"]
[SourceQuality "1"]
[WhiteTeam "Banatsko Novo Selo"]
[BlackTeam "Nova Pazova Mladost"]
[WhiteTeamCountry "SRB"]
[BlackTeamCountry "SRB"]

1. e4 c6 2. d4 d5 3. exd5 cxd5 4. Bd3 Nc6 5. c3 g6 6. Nf3 Bg7 7. Bf4 Nf6 8. 0-0 0-0 9. Re1 Nh5 10. Bg5 Qd6 11. Na3 f6 12. Bh4 a6 13. Nc2 e5 14. dxe5 fxe5 15. Bc4 Nf4 16. Ne3 Kh8 17. Bxd5 h6 18. Be4 Qc5 19. Bg3 Rd8 20. Qc2 g5 21. Nf5 Bxf5 22. Bxf5 Re8 23. Be4 Rac8 24. Rad1 b5 25. Qb3 Na5 26. Qf7 Rf8 27. Qd7 Nc4 28. Bxf4 exf4 29. Rd5 Qc7 30. Re2 Qxd7 31. Rxd7 Rcd8 1/2-1/2

[Event "Vojvodina-chT"]
[Site "Kac"]
[Date "2016.11.20"]
[Round "9.3"]
[White "Jesenski, Tibor"]
[Black "Mik, Aurel"]
[Result "1-0"]
[WhiteElo "2345"]
[BlackElo "2059"]
[PlyCount "79"]
[EventDate "2016.11.15"]
[EventType "team-tourn"]
[EventRounds "11"]
[EventCountry "SRB"]
[SourceTitle "CBM 175 Extra"]
[Source "ChessBase"]
[SourceDate "2016.12.12"]
[SourceVersion "1"]
[SourceVersionDate "2016.12.12"]
[SourceQuality "1"]
[WhiteTeam "Backa Pacir"]
[BlackTeam "Bora Ivkov"]
[WhiteTeamCountry "SRB"]
[BlackTeamCountry "SRB"]

1. d4 Nf6 2. Nf3 e6 3. c4 b6 4. a3 Bb7 5. Nc3 d5 6. Bg5 Be7 7. e3 0-0 8. Rc1 Nbd7 9. cxd5 Bxd5 10. Bd3 c5 11. 0-0 Bb7 12. Qe2 Rc8 13. Ba6 Bxa6 14. Qxa6 Ra8 15. Rfd1 Qe8 16. Bxf6 Nxf6 17. dxc5 bxc5 18. Na4 Qc8 19. Qa5 Qb7 20. h3 Rfc8 21. Rc4 Rc6 22. Qc3 Rac8 23. Rc1 h6 24. Qc2 Qb5 25. Nd4 cxd4 26. Rxc6 Rxc6 27. Qxc6 Qxc6 28. Rxc6 dxe3 29. fxe3 Nd5 30. Ra6 Nxe3 31. Rxa7 Bf6 32. Ra8+ Kh7 33. Kf2 Nd1+ 34. Ke2 Nxb2 35. Nxb2 Bxb2 36. a4 f5 37. a5 e5 38. a6 Bd4 39. Rd8 Bb6 40. Rd5 1-0

[Event "Vojvodina-chT"]
[Site "Kac"]
[Date "2016.11.20"]
[Round "8.3"]
[White "Mik, Aurel"]
[Black "Rogac, Srdjan"]
[Result "0-1"]
[WhiteElo "2059"]
[BlackElo "2387"]
[PlyCount "62"]
[EventDate "2016.11.15"]
[EventType "team-tourn"]
[EventRounds "11"]
[EventCountry "SRB"]
[SourceTitle "CBM 175 Extra"]
[Source "ChessBase"]
[SourceDate "2016.12.12"]
[SourceVersion "1"]
[SourceVersionDate "2016.12.12"]
[SourceQuality "1"]
[WhiteTeam "Bora Ivkov"]
[BlackTeam "Omladinac"]
[WhiteTeamCountry "SRB"]
[BlackTeamCountry "SRB"]

1. e4 c5 2. Nc3 Nc6 3. g3 g6 4. Bg2 Bg7 5. Nge2 e5 6. d3 Nge7 7. Be3 Nd4 8. Qd2 d6 9. 0-0 Bg4 10. f3 Be6 11. Nd1 0-0 12. c3 Nxe2+ 13. Qxe2 Qd7 14. f4 exf4 15. Bxf4 d5 16. Nf2 Nc6 17. exd5 Bxd5 18. Ne4 Rae8 19. Qc2 b6 20. Rae1 Re6 21. Ng5 Rxe1 22. Rxe1 Bxg2 23. Qxg2 h6 24. Nh3 g5 25. Bc1 Ne5 26. Nf2 g4 27. Rd1 Nf3+ 28. Kh1 f5 29. Bf4 Re8 30. h3 h5 31. hxg4 hxg4 0-1

[Event "Vojvodina-chT"]
[Site "Kac"]
[Date "2016.11.19"]
[Round "6.3"]
[White "Todorovic, Nenad I"]
[Black "Mik, Aurel"]
[Result "1-0"]
[WhiteElo "2249"]
[BlackElo "2059"]
[PlyCount "55"]
[EventDate "2016.11.15"]
[EventType "team-tourn"]
[EventRounds "11"]
[EventCountry "SRB"]
[SourceTitle "CBM 175 Extra"]
[Source "ChessBase"]
[SourceDate "2016.12.12"]
[SourceVersion "1"]
[SourceVersionDate "2016.12.12"]
[SourceQuality "1"]
[WhiteTeam "Krajisnik Krajina"]
[BlackTeam "Bora Ivkov"]
[WhiteTeamCountry "SRB"]
[BlackTeamCountry "SRB"]

1. e4 e5 2. Nf3 Nf6 3. Nxe5 d6 4. Nc4 Nxe4 5. Qe2 Qe7 6. Ne3 Be6 7. g3 d5 8. Bg2 c6 9. 0-0 g6 10. d4 Bg7 11. Rd1 0-0 12. c4 Nf6 13. Nxd5 Qd7 14. Nxf6+ Bxf6 15. Be3 Bg4 16. Bf3 Bxf3 17. Qxf3 Bg7 18. Nc3 Na6 19. Rac1 Nc7 20. Ne4 Qe7 21. d5 cxd5 22. cxd5 Qd8 23. Bc5 Bxb2 24. Rb1 Bg7 25. Bxf8 Bxf8 26. d6 Ne6 27. Rxb7 f5 28. Qb3 1-0

[Event "Vojvodina-chT"]
[Site "Kac"]
[Date "2016.11.18"]
[Round "5.3"]
[White "Mik, Aurel"]
[Black "Tancik, Kristijan"]
[Result "0-1"]
[WhiteElo "2059"]
[BlackElo "2289"]
[PlyCount "50"]
[EventDate "2016.11.15"]
[EventType "team-tourn"]
[EventRounds "11"]
[EventCountry "SRB"]
[SourceTitle "CBM 175 Extra"]
[Source "ChessBase"]
[SourceDate "2016.12.12"]
[SourceVersion "1"]
[SourceVersionDate "2016.12.12"]
[SourceQuality "1"]
[WhiteTeam "Bora Ivkov"]
[BlackTeam "Sombor"]
[WhiteTeamCountry "SRB"]
[BlackTeamCountry "SRB"]

1. e4 e5 2. Nf3 Nc6 3. d4 exd4 4. Bc4 Nf6 5. Ng5 d5 6. exd5 Qe7+ 7. Qe2 Qxe2+ 8. Kxe2 Nb4 9. Na3 Nbxd5 10. Nb5 c5 11. Nxf7 Kxf7 12. Nc7 Be6 13. Nxa8 Bd6 14. Bxd5 Nxd5 15. f3 Rxa8 16. Bd2 c4 17. Kf2 Bf5 18. Rac1 c3 19. bxc3 dxc3 20. Be1 b6 21. Rd1 Ke6 22. g4 Bg6 23. h4 Rf8 24. h5 Bxc2 25. Rc1 Be4 0-1

[Event "Vojvodina-chT"]
[Site "Kac"]
[Date "2016.11.17"]
[Round "4.3"]
[White "Azaric, Slavko"]
[Black "Mik, Aurel"]
[Result "1-0"]
[WhiteElo "2283"]
[BlackElo "2059"]
[PlyCount "73"]
[EventDate "2016.11.15"]
[EventType "team-tourn"]
[EventRounds "11"]
[EventCountry "SRB"]
[SourceTitle "CBM 175 Extra"]
[Source "ChessBase"]
[SourceDate "2016.12.12"]
[SourceVersion "1"]
[SourceVersionDate "2016.12.12"]
[SourceQuality "1"]
[WhiteTeam "Banovci Dunav"]
[BlackTeam "Bora Ivkov"]
[WhiteTeamCountry "SRB"]
[BlackTeamCountry "SRB"]

1. Nf3 d5 2. d3 Nf6 3. g3 Nbd7 4. Bg2 e5 5. 0-0 Bd6 6. Nc3 c6 7. e4 dxe4 8. Nxe4 Nxe4 9. dxe4 Qc7 10. Qe2 0-0 11. Nh4 Nc5 12. Be3 Be6 13. Bf3 Rad8 14. Rfd1 Be7 15. Nf5 Bxf5 16. exf5 Rxd1+ 17. Rxd1 a6 18. Bg2 Nd7 19. c4 Nf6 20. h4 Rd8 21. g4 Rxd1+ 22. Qxd1 Qd7 23. Qxd7 Nxd7 24. g5 f6 25. g6 Nc5 26. b4 Nd3 27. b5 axb5 28. cxb5 Nb4 29. a4 hxg6 30. fxg6 Bd8 31. Bh3 cxb5 32. Be6+ Kf8 33. axb5 Ke8 34. Bf7+ Kf8 35. h5 f5 36. h6 gxh6 37. Bxh6+ 1-0

[Event "Vojvodina-chT"]
[Site "Novi Sad"]
[Date "2015.11.14"]
[Round "5.3"]
[White "Mik, Aurel"]
[Black "Bulajic, Ratko"]
[Result "1/2-1/2"]
[WhiteElo "2062"]
[BlackElo "2325"]
[PlyCount "35"]
[EventDate "2015.11.10"]
[EventType "team-tourn"]
[EventRounds "9"]
[EventCountry "SRB"]
[SourceTitle "CBM 169 Extra"]
[Source "ChessBase"]
[SourceDate "2015.12.18"]
[SourceVersion "1"]
[SourceVersionDate "2015.12.18"]
[SourceQuality "1"]
[WhiteTeam "Novo Selo Bora Ivkov"]
[BlackTeam "Sombor"]
[WhiteTeamCountry "SRB"]
[BlackTeamCountry "SRB"]

1. e4 c5 2. Nc3 a6 3. a4 e6 4. Nf3 Nc6 5. d4 cxd4 6. Nxd4 Qc7 7. Be2 Nf6 8. Bf3 Bc5 9. Nxc6 bxc6 10. 0-0 d5 11. Bg5 Be7 12. exd5 cxd5 13. Bxd5 exd5 14. Nxd5 Qc6 15. Re1 Kf8 16. Qe2 Bb7 17. Qxe7+ Kg8 18. Rad1 1/2-1/2

[Event "Belgrade Jezero op 10th"]
[Site "Belgrade"]
[Date "2004.08.25"]
[Round "9"]
[White "Mik, Aurel"]
[Black "Gazivoda, Slobodan M"]
[Result "1-0"]
[WhiteElo "2091"]
[BlackElo "2169"]
[PlyCount "79"]
[EventDate "2004.08.17"]
[EventType "swiss"]
[EventRounds "9"]
[EventCountry "YUG"]
[SourceTitle "EXT 2005"]
[Source "ChessBase"]
[SourceDate "2004.11.15"]
[SourceVersion "1"]
[SourceVersionDate "2004.11.15"]
[SourceQuality "1"]

1. e4 c5 2. Nc3 e6 3. f4 d5 4. exd5 exd5 5. Bb5+ Nc6 6. Nf3 Nf6 7. 0-0 Be7 8. d3 0-0 9. Bxc6 bxc6 10. Ne5 Qc7 11. Bd2 Bd6 12. Qe2 Re8 13. Qf2 Ba6 14. Rae1 Re7 15. Kh1 Rae8 16. h3 Nd7 17. Nxd7 Qxd7 18. Rxe7 Rxe7 19. Re1 c4 20. dxc4 Bxc4 21. b3 Ba6 22. Rxe7 Qxe7 23. Be3 Bb8 24. Na4 Bc8 25. Nc5 Bf5 26. c3 Be4 27. Bd4 Bd6 28. b4 f6 29. a4 Qe8 30. Nxe4 Qxe4 31. Bxa7 Bxf4 32. Bd4 Qb1+ 33. Qg1 Qc2 34. Qe1 Kf7 35. a5 Qd3 36. Kg1 g5 37. Qf1 Qg3 38. Qe2 Qh2+ 39. Kf1 Qh1+ 40. Bg1 1-0

[Event "Belgrade Jezero op 10th"]
[Site "Belgrade"]
[Date "2004.08.22"]
[Round "6"]
[White "Popovic, Mladen"]
[Black "Mik, Aurel"]
[Result "1-0"]
[WhiteElo "2192"]
[BlackElo "2091"]
[PlyCount "153"]
[EventDate "2004.08.17"]
[EventType "swiss"]
[EventRounds "9"]
[EventCountry "YUG"]
[SourceTitle "EXT 2005"]
[Source "ChessBase"]
[SourceDate "2004.11.15"]
[SourceVersion "1"]
[SourceVersionDate "2004.11.15"]
[SourceQuality "1"]

1. e4 e5 2. Nf3 Nf6 3. Nc3 Nc6 4. d4 exd4 5. Nxd4 Bb4 6. Nxc6 bxc6 7. Bd3 h6 8. 0-0 Bxc3 9. bxc3 0-0 10. e5 Nh7 11. Qf3 Re8 12. Bxh7+ Kxh7 13. Qxf7 Rxe5 14. Bf4 Qe7 15. Qxe7 Rxe7 16. Rfe1 Rf7 17. Bxc7 d5 18. Bd6 Bf5 19. Re2 Rd8 20. Bc5 Rb8 21. Bb4 Rbb7 22. f3 h5 23. h3 Rbc7 24. Rd1 Bc8 25. Re5 Rf5 26. Re8 Ba6 27. Rde1 c5 28. Ba5 Rd7 29. R1e7 Rxe7 30. Rxe7 Bc4 31. a3 a6 32. Bb6 Kg6 33. Bxc5 Rf7 34. Re6+ Rf6 35. Re8 Kf7 36. Re7+ Kg6 37. Kf2 Rf7 38. Re6+ Rf6 39. Re5 Rf5 40. Re8 Kf7 41. Re7+ Kg6 42. g4 hxg4 43. hxg4 Rf7 44. Re6+ Rf6 45. Re5 Kf7 46. Bd4 g6 47. Re1 Re6 48. Be3 Re8 49. Rb1 Re7 50. Rh1 Re6 51. Rh7+ Kg8 52. Rb7 Bb5 53. Bd4 Kf8 54. Kg3 Ba4 55. Kf4 Bxc2 56. Kg5 Ke8 57. f4 Bd3 58. a4 Bc2 59. a5 Bd3 60. Be5 Kf8 61. Rb6 Kf7 62. Bd4 Ke7 63. f5 gxf5 64. gxf5 Re1 65. Bc5+ Ke8 66. Rd6 Re5 67. Rf6 Re2 68. Rf8+ Kd7 69. Kf6 Rh2 70. Ke5 Rh5 71. Rf6 Be4 72. Rxa6 Rxf5+ 73. Kd4 Rf1 74. Rd6+ Kc7 75. a6 Rd1+ 76. Ke5 Ra1 77. Bb6+ 1-0

[Event "Belgrade Jezero op 10th"]
[Site "Belgrade"]
[Date "2004.08.19"]
[Round "3"]
[White "Mik, Aurel"]
[Black "Zmijanac, Dusko"]
[Result "0-1"]
[WhiteElo "2091"]
[BlackElo "2236"]
[PlyCount "76"]
[EventDate "2004.08.17"]
[EventType "swiss"]
[EventRounds "9"]
[EventCountry "YUG"]
[SourceTitle "EXT 2005"]
[Source "ChessBase"]
[SourceDate "2004.11.15"]
[SourceVersion "1"]
[SourceVersionDate "2004.11.15"]
[SourceQuality "1"]

1. e4 c5 2. Nc3 Nc6 3. g3 g6 4. Bg2 Bg7 5. Nge2 e6 6. d3 Nge7 7. Be3 Nd4 8. 0-0 0-0 9. f4 d6 10. Qd2 Rb8 11. Nd1 b5 12. c3 Nxe2+ 13. Qxe2 a5 14. d4 cxd4 15. Bxd4 e5 16. Be3 Be6 17. Nf2 Qc7 18. Rfd1 Nc6 19. Rd2 Rfd8 20. Nd3 Bc4 21. Qf2 b4 22. cxb4 Bxd3 23. Rxd3 exf4 24. gxf4 Rxb4 25. Rd2 Rdb8 26. Rc1 Bxb2 27. Rcc2 Bg7 28. Bf3 Rb1+ 29. Kg2 Qd7 30. e5 Nb4 31. Rc5 Nxa2 32. Rxa5 Nc3 33. Rxd6 Qf5 34. Qh4 R1b2+ 35. Bd2 Bf8 36. Rd4 Nb5 37. Rxb5 R8xb5 38. Be4 Rxd2+ 0-1

[Event "Centrocoop op"]
[Site "Eforie Nord"]
[Date "2000.??.??"]
[Round "?"]
[White "Mik, Aurel"]
[Black "Pachia, Mihai"]
[Result "1/2-1/2"]
[WhiteElo "2160"]
[BlackElo "1800"]
[PlyCount "151"]
[EventDate "2000.??.??"]
[EventType "swiss"]
[EventRounds "9"]
[EventCountry "ROU"]
[SourceTitle "EXT 2004"]
[Source "ChessBase"]
[SourceDate "2003.11.25"]
[SourceVersion "1"]
[SourceVersionDate "2003.11.25"]
[SourceQuality "1"]

1. e4 c5 2. Nc3 Nc6 3. g3 g6 4. Bg2 Bg7 5. d3 d6 6. Be3 e6 7. Qd2 Rb8 8. Nge2 Nd4 9. 0-0 Ne7 10. Nd1 b5 11. c3 Nxe2+ 12. Qxe2 b4 13. Qd2 bxc3 14. bxc3 Ba6 15. Re1 0-0 16. d4 Qa5 17. dxc5 d5 18. exd5 Nxd5 19. Bd4 Rfd8 20. Rc1 Bxd4 21. Qxd4 Rbc8 22. c6 Rxc6 23. Qxa7 Rc7 24. Qd4 Rc4 25. Qe5 Rc5 26. Bxd5 Rcxd5 27. Qe3 Qxa2 28. c4 Rd3 29. Qe4 Bxc4 30. Qxc4 Qxc4 31. Rxc4 Rxd1 32. Rxd1 Rxd1+ 33. Kg2 Kg7 34. h4 h6 35. Rc7 e5 36. Kf3 Rd4 37. Rc6 h5 38. Ke3 Rg4 39. Rb6 Kf8 40. Rb7 Rd4 41. f4 f5 42. Rb5 Re4+ 43. Kf3 exf4 44. gxf4 Kf7 45. Rb7+ Kf6 46. Rb6+ Kg7 47. Rb7+ Kh6 48. Rb6 Re1 49. Kg2 Re2+ 50. Kg3 Re3+ 51. Kg2 Kg7 52. Ra6 Kf7 53. Rb6 Re6 54. Rb5 Ke7 55. Ra5 Rc6 56. Kf3 Rc3+ 57. Kg2 Kd6 58. Ra6+ Rc6 59. Ra5 Rc5 60. Ra6+ Rc6 61. Ra5 Rc5 62. Ra6+ Kd5 63. Rxg6 Ke4 64. Rg5 Kxf4 65. Rxh5 Ke3 66. Rg5 Rc2+ 67. Kg1 f4 68. Re5+ Kf3 69. h5 Rc1+ 70. Kh2 Kf2 71. h6 Rc7 72. Kh3 f3 73. Kg4 Kg2 74. Rf5 f2 75. Rxf2+ Kxf2 76. Kg5 1/2-1/2

[Event "Centrocoop Sept op"]
[Site "Eforie Nord"]
[Date "1999.09.??"]
[Round "?"]
[White "Bogdan, Dan"]
[Black "Mik, Aurel"]
[Result "1-0"]
[WhiteElo "2367"]
[BlackElo "2150"]
[PlyCount "67"]
[EventDate "1999.09.??"]
[EventType "swiss"]
[EventRounds "11"]
[EventCountry "ROU"]
[SourceTitle "EXT 2004"]
[Source "ChessBase"]
[SourceDate "2003.11.25"]
[SourceVersion "1"]
[SourceVersionDate "2003.11.25"]
[SourceQuality "1"]

1. Nf3 Nf6 2. g3 Nc6 3. Bg2 e5 4. 0-0 Be7 5. d3 0-0 6. c4 d6 7. Nc3 Bg4 8. h3 Be6 9. Rb1 Qd7 10. Ng5 Bf5 11. e4 Bg6 12. f4 exf4 13. gxf4 h6 14. Nf3 Bh5 15. Be3 a5 16. a3 Nh7 17. f5 Ng5 18. h4 Nxf3+ 19. Bxf3 Bxf3 20. Qxf3 Bf6 21. Qg3 Kh7 22. Nd5 Be5 23. Bf4 Bxf4 24. Rxf4 f6 25. Kh1 Ne5 26. Rg1 Rab8 27. b4 b5 28. cxb5 Rxb5 29. d4 Nc6 30. Rg4 g5 31. hxg5 fxg5 32. Rxg5 hxg5 33. Qxg5 Kh8 34. Nf6 1-0

[Event "Centrocoop June op-A"]
[Site "Eforie Nord "]
[Date "1998.??.??"]
[Round "?"]
[White "Borisov, Venjamin"]
[Black "Mik, Aurel"]
[Result "1/2-1/2"]
[WhiteElo "2000"]
[BlackElo "2175"]
[PlyCount "42"]
[EventDate "1998.06.??"]
[EventType "swiss"]
[EventRounds "11"]
[EventCountry "ROU"]
[SourceTitle "EXT 2000"]
[Source "ChessBase"]
[SourceDate "1999.11.16"]
[SourceVersion "1"]
[SourceVersionDate "1999.11.16"]
[SourceQuality "1"]

1. d4 Nf6 2. c4 e6 3. Nc3 d5 4. Bg5 Be7 5. c5 b6 6. b4 0-0 7. e3 c6 8. Bd3 Ba6 9. Bxa6 Nxa6 10. Qa4 Nb8 11. Bf4 b5 12. Qd1 a5 13. a3 Nbd7 14. Nf3 Nh5 15. Ne5 Nxe5 16. Bxe5 Nf6 17. h3 Nd7 18. Bh2 f5 19. Ne2 Bf6 20. Bd6 Be7 21. Bh2 Bf6 1/2-1/2

[Event "Centrocoop June op-A"]
[Site "Eforie Nord "]
[Date "1998.??.??"]
[Round "?"]
[White "Mik, Aurel"]
[Black "Bogdan, Dan"]
[Result "0-1"]
[WhiteElo "2175"]
[BlackElo "2410"]
[PlyCount "96"]
[EventDate "1998.06.??"]
[EventType "swiss"]
[EventRounds "11"]
[EventCountry "ROU"]
[SourceTitle "EXT 2000"]
[Source "ChessBase"]
[SourceDate "1999.11.16"]
[SourceVersion "1"]
[SourceVersionDate "1999.11.16"]
[SourceQuality "1"]

1. d4 Nf6 2. Nf3 g6 3. g3 Bg7 4. Bg2 0-0 5. 0-0 d6 6. Nc3 c6 7. e4 b5 8. e5 Ne8 9. Be3 h6 10. Qd2 Kh7 11. a3 a6 12. Rad1 Nc7 13. h3 Be6 14. Kh2 Nd7 15. exd6 exd6 16. Ne1 d5 17. Nd3 a5 18. Ne2 Nb6 19. Ne5 Nc4 20. Nxc4 bxc4 21. Nf4 Bd7 22. c3 Rb8 23. Rfe1 Na8 24. Re2 Nb6 25. Qe1 Na4 26. Bc1 Qf6 27. Rdd2 Qd6 28. Qd1 Rb3 29. Qe1 Bf6 30. Bf3 Bg5 31. Re5 Rb6 32. Rde2 Bf6 33. R5e3 Rb7 34. Rd2 Rfb8 35. Ree2 Bg5 36. Ng2 Qf6 37. Bg4 Bxg4 38. hxg4 Bxd2 39. Bxd2 Nxb2 40. g5 hxg5 41. Ne3 Nd3 42. Qh1 Kg7 43. Kg2 Rh8 44. Qg1 Qe6 45. Kf1 Rb1+ 46. Be1 Qe4 47. Ng2 Qf3 48. Re3 g4 0-1

[Event "Centrocoop June op-A"]
[Site "Eforie Nord "]
[Date "1998.??.??"]
[Round "?"]
[White "Roitburd, Talic"]
[Black "Mik, Aurel"]
[Result "0-1"]
[WhiteElo "2000"]
[BlackElo "2175"]
[PlyCount "97"]
[EventDate "1998.06.??"]
[EventType "swiss"]
[EventRounds "11"]
[EventCountry "ROU"]
[SourceTitle "EXT 2000"]
[Source "ChessBase"]
[SourceDate "1999.11.16"]
[SourceVersion "1"]
[SourceVersionDate "1999.11.16"]
[SourceQuality "1"]

1. e4 c5 2. Nf3 e6 3. d3 Ne7 4. g3 g6 5. Bg2 Bg7 6. 0-0 0-0 7. c3 d5 8. e5 d4 9. Qe2 Nec6 10. Bf4 Nd7 11. h4 Qc7 12. Re1 b6 13. Nbd2 dxc3 14. bxc3 Bb7 15. h5 Ne7 16. c4 Nc6 17. hxg6 hxg6 18. Qe3 Rfd8 19. Bg5 Ndxe5 20. Nxe5 Nxe5 21. Bxd8 Rxd8 22. Bxb7 Qxb7 23. Qe4 Qxe4 24. Rxe4 Rxd3 25. Nb3 Nf3+ 26. Kg2 Bxa1 27. Nxa1 Nd4 28. Re3 Rxe3 29. fxe3 Nf5 30. Nc2 Nd6 31. Na3 Kg7 32. Kf3 Kf6 33. Kf4 e5+ 34. Kf3 Kf5 35. e4+ Kg5 36. g4 a6 37. Nb1 Nxc4 38. Nc3 Nd6 39. Nd5 b5 40. Ne7 c4 41. Nd5 a5 42. a3 f6 43. Ke3 Ne8 44. Kf3 Ng7 45. Ke3 Ne6 46. Nb6 Kxg4 47. a4 bxa4 48. Nxc4 Nc5 49. Na3 0-1

[Event "Centrocoop June op-A"]
[Site "Eforie Nord "]
[Date "1998.??.??"]
[Round "?"]
[White "Stefirtsa, Vsevolod"]
[Black "Mik, Aurel"]
[Result "1-0"]
[WhiteElo "2100"]
[BlackElo "2175"]
[PlyCount "59"]
[EventDate "1998.06.??"]
[EventType "swiss"]
[EventRounds "11"]
[EventCountry "ROU"]
[SourceTitle "EXT 2000"]
[Source "ChessBase"]
[SourceDate "1999.11.16"]
[SourceVersion "1"]
[SourceVersionDate "1999.11.16"]
[SourceQuality "1"]

1. e4 c5 2. Nc3 Nc6 3. g3 g6 4. Bg2 Bg7 5. d3 a6 6. Be3 d6 7. Qd2 Bd7 8. Nge2 e6 9. 0-0 Nd4 10. Nc1 Ne7 11. Nd1 0-0 12. c3 Ndc6 13. Bh6 f5 14. Bxg7 Kxg7 15. Ne2 Qc7 16. Ne3 e5 17. f4 Rae8 18. Rad1 Bc8 19. d4 exd4 20. cxd4 fxe4 21. dxc5 dxc5 22. Qc3+ Kg8 23. Qxc5 Bf5 24. Nc3 Nc8 25. Nxe4 b6 26. Qc4+ Kg7 27. Qc3+ Kh6 28. Nxf5+ gxf5 29. Nf6 Re6 30. Rd7 1-0